00929 2200301 4500001002100000005001500021035002000036007000300056008004500059020002200104082001100126084002000137100003200157245007000189300006000259440001700319650003000336700003200366520005500398264003600453336002100489337003000510338002300540990001600563990001600579990001600595990001600611INLIS00000000116488720241002030831 a0010-1024000032ta241002 b 0 Ind-eng  a978-979-26-9383-6 a2X1.22 aSR 2X1.22 MUS s aMusa Qadarsyah, M.epenulis1 aStory of camel /cM. Musa Qadarsyah ; penerjemah, Adinda Presanti a6 halaman tidak bernomor :bIlustrasi berwarna ;c13 cm aWow, amazing 4aAl Quran -- Cerita-cerita0 aAdinda Presantiepenerjemah aBerisi cerita tentang binatang unta dalam Al Quran aBandung :bPelangi Mizan,c2022 2rdacontentateks 2rdamediaatanpa perantara 2rdacarrieravolume a55108.67928 a55109.67929 a55109.67929 a55108.67928